Random Hoofdsteden #9 - Statistieken

Algemene statistieken
  • Deze quiz is 9 keer genomen
  • De gemiddelde score is 8 van 10
Antwoordstatistieken
Antwoord % Correct
Portugal Lissabon
100%
Noorwegen Oslo
100%
Japan Tokyo
100%
Turkije Ankara
88%
El Salvador San Salvador
88%
Venezuela Caracas
75%
Zimbabwe Harare
75%
Pakistan Islamabad
75%
Liechtenstein Vaduz
75%
Malediven Male
63%
Geen overeenkomende quizzen gevonden
Scoreverdeling
Procent van Mensen met Elke Score
Percentiel versus Aantal Correcte Antwoorden
Uw Scoregeschiedenis
U heeft deze quiz nog niet genomen